000 00225nam a2200085Ia 4500
245 0 _aMinty and Tink
100 _a Chichester Clark, Emma London, 2009
_979970
942 _cBK
008 210818s9999 xx 000 0 und d
999 _c453214
_d453213